Religion catholique : la prière du Gloire au Père - Statistiques

Statistiques générales
  • Ce quiz a été pris 733 fois
  • Le résultat moyen est 20 sur 25
Statistiques - réponses
Prière % Correct
Père
97%
au
95%
au
95%
au
95%
au
95%
Gloire
93%
Saint
89%
Esprit,
88%
Fils
88%
et
86%
et
86%
et
86%
et
86%
Amen.
80%
des
73%
siècles
73%
siècles.
73%
les
71%
était
70%
comme
69%
commencement,
69%
Il
69%
maintenant
66%
toujours
66%
dans
62%
Aucun quiz correspondant
Distribution des résultats
% des personnes avec chaque résultat
Percentile par nombre de réponses
Votre historique - résultats
Vous n’avez pas pris ce quiz